Krasňany 2020

Saved in:
Bibliographic Details
Main Author: Rantová, Jana, 1989- (Author)
Other Authors: Krajcsovics, Lorant, 1979- (Thesis advisor)
Format: Manuscript Book
Language:Slovak
Published: Bratislava : STU v Bratislave FA, 2014
Subjects:
Online Access:VAIS
Tags: Add Tag
No Tags, Be the first to tag this record!

MARC

LEADER 00000ntm a22000003a 4500
001 stu290607
005 20210317080838.2
008 140607s2014----xo------------------slo-d
040 |a STU  |b slo 
041 0 |a slo 
044 |a xo 
100 1 |a Rantová, Jana,  |d 1989-  |4 aut  |u A  |T FAD Fakulta architektúry  |X 58566  |U A  |Y 50  |7 A000058566 
245 1 |a Krasňany 2020 
260 |a Bratislava :  |b STU v Bratislave FA,  |c 2014 
650 7 |a housing  |2 estusub 
650 7 |a sustainability  |2 estusub 
650 7 |a bytové domy  |2 stusub 
650 7 |a revitalizácia  |2 stusub 
650 7 |a udržateľnosť  |2 stusub 
700 1 |a Krajcsovics, Lorant,  |d 1979-  |4 ths  |u A2120  |U FAD Fakulta architektúry a dizajnu  |U FAD Fakulta architektúry  |T FA Ústav ekologickej a experimentálnej architektúry  |X 4831  |U A2120  |Y 393  |7 A000004831 
856 4 |a info a plný text  |u http://is.stuba.sk/zp/portal_zp.pl?podrobnosti=98368  |u https://opac.crzp.sk/?fn=detailBiblioForm&sid=B0185F20487F70888C1A3360D476  |3 VAIS